| 000 | 00685nam a2200229Ia 4500 | ||
|---|---|---|---|
| 003 | OSt | ||
| 005 | 20221007081811.0 | ||
| 006 | a|||||r|||| 00| 0 | ||
| 007 | ta | ||
| 008 | 221006b |||||||| |||| 00| 0 eng d | ||
| 024 | _a25,827 | ||
| 037 | _cReports / Technical Reports | ||
| 040 |
_aFLL _cFLL _beng |
||
| 041 |
_2eng _aeng |
||
| 082 | _aX:95t, K7 | ||
| 100 |
_aLevine Louis _9698078 |
||
| 245 | 0 | _aPublic employment service in social and economic policy | |
| 260 |
_aParis _bOrganisation For Economic Co-operation And Development _c1969 |
||
| 300 |
_a59p _ccm. |
||
| 942 |
_hX:95t, K7 _cREP _2CC |
||
| 999 |
_c1164315 _d1164315 |
||